Don Carlos (Record no. 44717)
[ view plain ]
| 000 -Etiqueta do registo | |
|---|---|
| Valores | 00532nam a2200169 4500 |
| 100 ## - Dados gerais de processamento | |
| Dados gerais | 20250904 pory50 |
| 101 ## - Língua de publicação | |
| Língua | por |
| 102 ## - País de publicação | |
| País | PT |
| 200 ## - Titulo e menção de responsabilidade | |
| Título próprio | Don Carlos |
| Título paralelo | A grande Ópera |
| Primeira menção de responsabilidade | Giuseppe Verdi |
| Outras menções de responsabilidade | idealiz e raliz. Marketing Editorial |
| -- | texto Fernando Fraga Blas Matamoro |
| -- | il. Daniel de Labra |
| -- | trad. Luís Serrão |
| 210 ## - Publicação | |
| Local de publicação | [S.l.] |
| Nome do editor | Edilibro |
| -- | Ediclube Coleccionáveis |
| Data de publicação | [D.l. 1999] |
| 215 ## - Descrição física | |
| Paginação / Volumes | 64 p |
| Material acompanhante | 1 CD |
| 225 ## - Colecção | |
| Título próprio da colecção | A grande Ópera |
| 675 ## - CDU | |
| Notação | 782 |
| 801 ## - Fonte de origem | |
| País | PT |
| Regras de catalogação | RPC |
| 990 ## - Elementos KOHA | |
| Tipo de documento | Livro |
| Aquisição | Empréstimo | Código de barras | Cota | Permissão de empréstimo | Tipo de documento | Nota relativa ao exemplar |
|---|---|---|---|---|---|---|
| Biblioteca Municipal de Redondo | Biblioteca Municipal de Redondo | 054713 | 782 VER | Livro | obra contém 1 CD |